<?xml version="1.0" encoding="UTF-8"?>
<collection xmlns="http://www.loc.gov/MARC21/slim">
<record>
  <controlfield tag="001">135650</controlfield>
  <controlfield tag="005">20240709133630.0</controlfield>
  <datafield tag="022" ind1=" " ind2=" ">
    <subfield code="a">1131-3994</subfield>
  </datafield>
  <datafield tag="041" ind1=" " ind2=" ">
    <subfield code="a">spa</subfield>
  </datafield>
  <datafield tag="245" ind1=" " ind2=" ">
    <subfield code="a">La Clínica (Zaragoza), V (1881)</subfield>
  </datafield>
  <datafield tag="260" ind1=" " ind2=" ">
    <subfield code="a">Zaragoza</subfield>
    <subfield code="b">Imprenta y Librería de Julián Sanz</subfield>
    <subfield code="c">1881</subfield>
  </datafield>
  <datafield tag="490" ind1=" " ind2=" ">
    <subfield code="a">La Clínica (Zaragoza)</subfield>
  </datafield>
  <datafield tag="538" ind1=" " ind2=" ">
    <subfield code="a">Texto completo. Available electronically via Internet </subfield>
  </datafield>
  <datafield tag="653" ind1="1" ind2=" ">
    <subfield code="a">medicina</subfield>
  </datafield>
  <datafield tag="653" ind1="1" ind2=" ">
    <subfield code="a">cirugía</subfield>
  </datafield>
  <datafield tag="653" ind1="1" ind2=" ">
    <subfield code="a">"Academia de Medicina de Zaragoza"</subfield>
  </datafield>
  <datafield tag="653" ind1="1" ind2=" ">
    <subfield code="a">"Revistas médicas aragonesas"</subfield>
  </datafield>
  <datafield tag="710" ind1=" " ind2=" ">
    <subfield code="2">Joaquín Gimeno</subfield>
  </datafield>
  <datafield tag="856" ind1="4" ind2=" ">
    <subfield code="s">509950113</subfield>
    <subfield code="u">http://zaguan.unizar.es/record/135650/files/texto_completo.pdf</subfield>
    <subfield code="y">Texto completo</subfield>
  </datafield>
  <datafield tag="856" ind1="4" ind2=" ">
    <subfield code="s">1116491</subfield>
    <subfield code="u">http://zaguan.unizar.es/record/135650/files/texto_completo.jpg?subformat=icon</subfield>
    <subfield code="x">icon</subfield>
    <subfield code="y">Texto completo</subfield>
  </datafield>
  <datafield tag="909" ind1="C" ind2="O">
    <subfield code="o">oai:zaguan.unizar.es:135650</subfield>
    <subfield code="p">driver</subfield>
    <subfield code="p">revistas</subfield>
  </datafield>
  <datafield tag="980" ind1=" " ind2=" ">
    <subfield code="a">REVISTA</subfield>
    <subfield code="b">MED_ARA</subfield>
    <subfield code="c">LC_ZGZ</subfield>
  </datafield>
  <datafield tag="984" ind1=" " ind2=" ">
    <subfield code="a">public</subfield>
  </datafield>
</record>
</collection>